Gminy w Polsce graniczące z dwoma państwami - Statystyki

Ogólne statystyki
  • Ten quiz został rozwiązany 9 razy
  • Średni wynik to 4 z 7
Statystyki odpowiedzi
Województwo Państwa graniczące Gmina % Poprawnych
Dolnośląskie Czechy Niemcy Bogatynia
100%
Dolnośląskie Gmina wiejska {Zgorzelec}
86%
Podkarpackie Słowacja Ukraina Lutowiska
86%
Lubelskie Białoruś Ukraina Gmina wiejska {Włodawa}
57%
Podlaskie Litwa Rosja Wiżajny
57%
Podlaskie Białoruś Litwa Giby
29%
Warmińsko-Mazurskie Litwa Rosja Dubeninki
14%
Nie znaleziono quizów pasujących do podanych kryteriów
Rozkład punktacji
Procent ludzi z każdym wynikiem
Percentyl według liczby udzielonych odpowiedzi
Twoja historia wyników
Nie rozwiązałeś tego quizu